Neuroscience by Picture - A - Statistics

General Stats
  • This quiz has been taken 109 times
  • The average score is 4 of 16
Answer Stats
Picture Answer % Correct
Axon
95%
Action Potential
66%
Arachnoid
44%
Amyotrophic Lateral Sclerosis
33%
Accumbens
23%
Alzheimer's Disease
22%
Adrenalin
21%
Amygdala
21%
Atrophy
21%
Astrocyte
20%
Afferent
15%
Anterior
13%
Axial
12%
Anesthesia
6%
Angular Gyrus
4%
Acetylcholine
2%
No matching quizzes found
Score Distribution
Percent of People with Each Score
Percentile by Number Answered
Your Score History
You have not taken this quiz